| 000 | 00387nam a22001697a 4500 | ||
|---|---|---|---|
| 003 | OSt | ||
| 008 | 210723b ||||| |||| 00| 0 eng d | ||
| 020 | _a9788120350786 | ||
| 082 | _a006.31 ALI | ||
| 100 | _aALPAYDIN,Ethem | ||
| 245 | _aIntroduction to Machine Learning | ||
| 250 | _a3rd Ed. | ||
| 260 |
_aNew Delhi _bPHI _c2014 |
||
| 300 | _a613 | ||
| 650 | _aAIML | ||
| 942 |
_2ddc _cBK |
||
| 999 |
_c10733 _d10733 |
||